Guess the Lyrics #48 - Statistics

General Stats
  • This quiz has been taken 1,341 times
    816 since last reset
  • The average score is 84 of 293
Answer Stats
Lyrics % Correct
a
93%
A
93%
The
84%
the
84%
O
78%
and
71%
And
71%
he
68%
É
67%
e
67%
é
67%
E
67%
she
62%
She
62%
do
58%
to
58%
when
58%
When
58%
her
52%
her?
52%
No,
48%
can
47%
47%
so
47%
that
42%
That
42%
se
40%
his
39%
Oh,
38%
like
36%
How
33%
not
32%
see
32%
loves
29%
but
27%
But
27%
at
26%
from
26%
one
26%
would
24%
girl
23%
doesn't
22%
she's
22%
tell
22%
just
21%
Ah,
20%
"ah!"
20%
goes
20%
de
19%
Yes,
19%
day
15%
give
15%
heart
15%
looks
13%
walks
12%
sees
11%
amor
9%
que
9%
Que
9%
Ipanema
8%
lovely
7%
smiles
7%
walking
7%
each
6%
mar
6%
sea
6%
vi
6%
young
6%
passes,
5%
passes
5%
por
5%
sol
5%
Tall
5%
The Girl from Ipanema - Stan Getz and João Gilberto
5%
ela
4%
eu
4%
4%
passa
4%
tan
4%
cheia
3%
coisa
3%
gladly
3%
graça
3%
linda,
3%
linda
3%
mais
3%
menina
3%
Num
3%
Olha
3%
sadly
3%
samba
3%
sways
3%
triste?
3%
um
3%
vem
3%
watches
3%
ahead
2%
balançado
2%
balanço
2%
beleza
2%
caminho
2%
causa
2%
cool
2%
corpo
2%
doce
2%
dourado
2%
enche
2%
existe
2%
fica
2%
gently
2%
lindo
2%
minha
2%
Moça
2%
mundo
2%
não
2%
passar
2%
poema
2%
quando
2%
seu
2%
soubesse
2%
sozinha
2%
straight
2%
Swings
2%
tão
2%
tudo
2%
estou
1%
inteirinho
1%
sozinho?
1%
também
1%
No matching quizzes found
Score Distribution
Percent of People with Each Score
Percentile by Number Answered
Your Score History
You have not taken this quiz since the last reset